[Event "CAN-ch U12"]
[Site "Windsor"]
[Date "2015.07.07"]
[Round "3.70"]
[White "Moscatello, Aidan"]
[Black "Atchuthananthan, Arun"]
[Result "0-1"]
[WhiteElo "255"]
[BlackElo "1029"]
[PlyCount "78"]
[EventDate "2015.07.06"]
[EventType "swiss"]
[EventRounds "7"]
[EventCountry "CAN"]
[SourceTitle "EXT 2022"]
[Source "ChessBase"]
[SourceDate "2021.10.06"]
[SourceVersion "1"]
[SourceVersionDate "2021.10.06"]
[SourceQuality "1"]

1. e4 d5 2. d4 dxe4 3. Nc3 Nf6 4. Bf4 Bf5 5. Bc4 e6 6. Bb5+ c6 7. Bc4 Bb4 8. Be5 Nbd7 9. Bxf6 Nxf6 10. Nge2 0-0 11. 0-0 Qd7 12. Ng3 Bg6 13. a3 Ba5 14. b4 Bb6 15. Ncxe4 Nxe4 16. Nxe4 Bxe4 17. Re1 Qxd4 18. Qxd4 Bxd4 19. Rxe4 Bxa1 20. Re1 Bc3 21. Re3 Bf6 22. Rd3 Rfd8 23. g3 Rxd3 24. cxd3 Bb2 25. b5 cxb5 26. Bxb5 a6 27. Ba4 Bxa3 28. f4 b5 29. Bb3 Rc8 30. Bd1 Rc1 31. Kg2 Rxd1 32. h4 b4 33. g4 b3 34. f5 exf5 35. gxf5 Rxd3 36. h5 b2 37. h6 b1Q 38. f6 Bc5 39. hxg7 Qg1# 0-1